Public relations v novém prostoru. K příznivé prezentaci firmy přispívá i vnější areál a interiér závodu.
Vytváranie vzťahov medzi firmou a verejnosťou - základný program Public relations. Využitie obrazových, zvukových a priestorových prostriedkov na vytváranie vhodnej klímy medzi firmou a verejnosťou. Základným parametrom firemnej stratégie je tiež úspešné riešenie úprav vonkajších a vnútorných priest...
Enregistré dans:
| Auteur principal: | |
|---|---|
| Format: | Chapitre de livre |
| Langue: | tchèque |
| Sujets: | |
| Tags: |
Pas de tags, Soyez le premier à ajouter un tag!
|
MARC
| LEADER | 00000naa a2200000 4500 | ||
|---|---|---|---|
| 001 | r013211 | ||
| 005 | 20221213081142.2 | ||
| 041 | 0 | |a cze | |
| 044 | |a CZ | ||
| 245 | 1 | 0 | |a Public relations v novém prostoru. |b K příznivé prezentaci firmy přispívá i vnější areál a interiér závodu. |c A. Kovář |
| 520 | |a Vytváranie vzťahov medzi firmou a verejnosťou - základný program Public relations. Využitie obrazových, zvukových a priestorových prostriedkov na vytváranie vhodnej klímy medzi firmou a verejnosťou. Základným parametrom firemnej stratégie je tiež úspešné riešenie úprav vonkajších a vnútorných priestorov s programovým cieľom PR. Úloha podnikového manažmentu pri vytváraní vzťahov s verejnosťou. | ||
| 610 | 2 | 0 | |a práca s verejnosťou |
| 610 | 2 | 0 | |a manažment |
| 610 | 2 | 0 | |a podnik |
| 100 | 1 | |a Kovář, A. | |